25滋賀県の市町村 - Statistics

General Stats
  • This quiz has been taken 137 times
    133 since last reset
  • The average score is 13 of 19
Answer Stats
Answer % Correct
大津市
100%
草津市
98%
彦根市
88%
米原市
87%
長浜市
84%
近江八幡市
84%
高島市
84%
甲賀市
81%
東近江市
81%
栗東市
76%
野洲市
76%
守山市
75%
湖南市
72%
愛知郡愛荘町
38%
犬上郡多賀町
32%
犬上郡豊郷町
31%
犬上郡甲良町
29%
蒲生郡日野町
28%
蒲生郡竜王町
28%
No matching quizzes found
Score Distribution
Percent of People with Each Score
Percentile by Number Answered
Your Score History
You have not taken this quiz since the last reset